| 000 | 00566nam a2200217Ia 4500 | ||
|---|---|---|---|
| 003 | OSt | ||
| 005 | 20220928145321.0 | ||
| 006 | a|||||r|||| 00| 0 | ||
| 007 | ta | ||
| 008 | 220927b |||||||| |||| 00| 0 eng d | ||
| 024 | _a80119 | ||
| 037 | _cTextual | ||
| 040 |
_aSDCL _cSDCL _beng |
||
| 041 |
_2eng _aeng |
||
| 082 | _aX9(J):77.2'N7, L7 | ||
| 100 |
_aChoubey B N _9377197 |
||
| 245 | 0 | _aInstitutional finance for agriculture development | |
| 260 | _c1977 | ||
| 942 |
_hX9(J):77.2'N7, L7 _cTEXL _2CC |
||
| 999 |
_c833167 _d833167 |
||